000
00332nam a22001337a 4500
999
_c
8059
_d
8060
008
190705b ||||| |||| 00| 0 eng d
020
_a
070999005997
082
_a
FIC 813.54 KAT
100
_a
Katzenbach, John
245
_a
Just cause.
260
_a
New York ;
_b
Ballantine Books,
_c
1992.
300
_a
494 p.
_c
18 cm.
942
_2
ddc